| 000 | 00874nam a2200241 a 4500 | ||
|---|---|---|---|
| 005 | 20210223133713.0 | ||
| 008 | 181120s2017 mx r 000 0 spa d | ||
| 020 | _a9786077364849 | ||
| 035 | _aUPN01000227927 | ||
| 049 | _aCG | ||
| 050 | 4 |
_aHD1696.5 A4.4 _bA9.3 |
|
| 100 | 1 |
_aAzar López, Bernardo Anwar _942445 |
|
| 245 | 1 | 0 |
_aDerecho humano de acceso al agua : _bgestión del oro azul / _cBernardo Anwar Azar López, María de Jesús Medina-Arellano. |
| 260 |
_aMéxico : _bFontamara, _c2017. |
||
| 300 |
_a202 p. : _btablas |
||
| 440 | 0 |
_aDoctrina jurídica contemporánea ; _v80 |
|
| 650 | 4 |
_aDERECHO AL AGUA - _zAMERICA LATINA _923478 |
|
| 650 | 4 |
_aAGUA - _xAPROVECHAMIENTO - _zAMERICA LATINA _91682 |
|
| 651 | 4 |
_aAMERICA LATINA - _xABASTECIMIENTO DE AGUA _91683 |
|
| 700 | 1 |
_aMedina Arellano, María de Jesús, _ecoaut. _942446 |
|
| 905 | _aLibro | ||
| 999 |
_c200022 _d200022 |
||